000 00414nam a2200181Ia 4500
001 458
005 20260306140519.0
008 260306t2017||||xx |||||||||||||| ||spa||
041 _aESP
082 _a121
_bF43
100 _aFerraris, Maurizio
_eAUT
245 0 _aPostveritĂ  e altri enigmi
260 _c2017
300 _a181 páginas :
_c18 cm.
650 _aGEN
654 _aCHU
942 _cLIB
_dJUS
_fJUS
_2ddc
_n
999 _c458
_d458